=LDR 00000nam 2200000 4500 =001 INLIS000000000057869 =005 20210521015826 =035 ##$$a 0010-0521000084 =007 ta =008 210521###########################0#ind## =020 ##$$a 978-602-5907-78-4 =082 ##$$a 153.8 =084 ##$$a 153.8 Mun b =245 1#$$a Baca buku ini saat engkau lelah /$c Munita Yeni =300 ##$$a 218 halaman : $b Ilustrasi ; $c 21 cm =650 #4$$a Motivasi ( Psikologi ) =700 #$$a Penyunting ; Sony Adams =264 ##$$a Yogyakarta :$b Psikologi corner,$c 2018 =336 ##$$a teks$2 rdacontent =337 ##$$a lain-lain$2 rdamedia =338 ##$$a lain-lain$2 rdacarrier =990 ##$$a 03520352